000 00427nam a2200181Ia 4500
003 0100
008 130303s9999 xx 000 0 und d
040 _cARRUPELIB
050 _aBF38.W78
100 _aWolman, Benjamin B
245 _aContemporary theories and systems in psychology
260 _aNew York
260 _bHarper and Brothers
260 _C1960
300 _a613p.
300 _b 24cm
942 _2lcc
_01
999 _c58392
_d58392